000 00373nam a2200145Ia 4500
005 20251222144817.0
008 251222s9999||||xx |||||||||||||| ||spa||
020 _a978-958-648-647-7
082 _a658.022/F65
100 _aFlórez Uribe, Juan Antonio
245 0 _aProyectos de Inversión para las PYME:
250 _a2a.ed.
264 _bEcoe Ediciones
942 _cLIB
999 _c20320
_d20320